[Event "POL-ch U14 Girls"]
[Site "Suwalki"]
[Date "2015.04.09"]
[Round "3"]
[White "Kostecka, Marika"]
[Black "Leczek, Weronika"]
[Result "0-1"]
[WhiteElo "1532"]
[BlackElo "1641"]
[PlyCount "76"]
[EventDate "2015.04.08"]
[EventType "swiss"]
[EventRounds "9"]
[EventCountry "POL"]
[SourceTitle "EXT 2017"]
[Source "ChessBase"]
[SourceDate "2016.10.25"]
[SourceVersion "1"]
[SourceVersionDate "2016.10.25"]
[SourceQuality "1"]

1. e4 c5 2. Nf3 Nc6 3. d4 cxd4 4. Nxd4 Nf6 5. Nc3 d6 6. Be2 g6 7. Be3 Bg7 8. 0-0 0-0 9. Nb3 a6 10. f4 b5 11. a3 Bb7 12. Bf3 Qc7 13. Qe1 Rac8 14. Qg3 e6 15. h4 b4 16. axb4 Nxb4 17. Rac1 Nd7 18. f5 Ne5 19. Be2 exf5 20. exf5 Rfe8 21. f6 Bf8 22. h5 d5 23. hxg6 Nxg6 24. Qh3 Rcd8 25. Kf2 Qe5 26. Rh1 Qxf6+ 27. Bf3 Qg7 28. Bd4 Ne5 29. Rce1 Ned3+ 30. cxd3 Nxd3+ 31. Kg1 Rxe1+ 32. Kh2 Rxh1+ 33. Kxh1 Qxd4 34. Nxd4 Nf2+ 35. Kh2 Nxh3 36. Kxh3 Bg7 37. Nde2 Bc8+ 38. Kg3 d4 0-1

[Event "POL-ch U14 Girls"]
[Site "Suwalki"]
[Date "2015.04.09"]
[Round "2"]
[White "Leczek, Weronika"]
[Black "Kucharska, Honorata"]
[Result "1-0"]
[WhiteElo "1641"]
[BlackElo "1829"]
[PlyCount "81"]
[EventDate "2015.04.08"]
[EventType "swiss"]
[EventRounds "9"]
[EventCountry "POL"]
[SourceTitle "EXT 2017"]
[Source "ChessBase"]
[SourceDate "2016.10.25"]
[SourceVersion "1"]
[SourceVersionDate "2016.10.25"]
[SourceQuality "1"]

1. e4 e6 2. Nf3 d5 3. Nc3 Nf6 4. e5 Nfd7 5. d4 c5 6. dxc5 Bxc5 7. Bd3 Nc6 8. Bf4 a6 9. 0-0 b5 10. a3 h6 11. Qd2 Bb7 12. b4 Bb6 13. Rfe1 Qc7 14. Nxd5 Qd8 15. Nxb6 Qxb6 16. Rad1 Rd8 17. Qc3 Ne7 18. Be3 Qc6 19. Qb3 Nxe5 20. Be4 Nxf3+ 21. Bxf3 Qc7 22. Rxd8+ Kxd8 23. Bxb7 Qxb7 24. Bd4 Nf5 25. Qc3 h5 26. Rd1 Nxd4 27. Qxd4+ Ke7 28. Qxg7 Rc8 29. Qg5+ Ke8 30. Qxh5 Qc6 31. Qh8+ Ke7 32. Qh4+ Ke8 33. Qh8+ Ke7 34. Qh4+ Ke8 35. h3 Qxc2 36. Qd4 Qc6 37. Qd6 Qc2 38. Kh2 Qc4 39. Rd4 Qc3 40. Rg4 Qh8 41. Qxa6 1-0

[Event "POL Olympiad U14 Girls"]
[Site "Spala"]
[Date "2014.12.30"]
[Round "1.7"]
[White "Tkaczyk, Weronika"]
[Black "Leczek, Weronika"]
[Result "0-1"]
[WhiteElo "1372"]
[BlackElo "1632"]
[PlyCount "74"]
[EventDate "2014.04.06"]
[EventType "swiss"]
[EventRounds "9"]
[EventCountry "POL"]
[SourceTitle "EXT 2023"]
[Source "ChessBase"]
[SourceDate "2022.10.05"]
[SourceVersion "1"]
[SourceVersionDate "2022.10.05"]
[SourceQuality "1"]

1. e4 c5 2. Nf3 Nc6 3. d4 cxd4 4. Nxd4 Nf6 5. Nc3 d6 6. Bc4 e6 7. 0-0 Be7 8. h3 0-0 9. Kh1 a6 10. f4 Qc7 11. a4 Nxd4 12. Qxd4 Rd8 13. b3 d5 14. exd5 Nxd5 15. Nxd5 exd5 16. Be3 dxc4 17. Qxc4 Qxc4 18. bxc4 Bf5 19. c3 Rac8 20. Bd4 Bc5 21. Rad1 Bxd4 22. Rxd4 Rxd4 23. cxd4 Rxc4 24. Rd1 Kf8 25. a5 Ra4 26. Kg1 Rxa5 27. Kf2 Ra3 28. g4 Be4 29. d5 Rd3 30. Rxd3 Bxd3 31. Ke3 Bc4 32. Kd4 Bxd5 33. Kxd5 b5 34. Kc5 Ke7 35. h4 h6 36. g5 hxg5 37. fxg5 g6 0-1

[Event "POL-chT U19 44th"]
[Site "Karpacz"]
[Date "2013.07.24"]
[Round "3"]
[White "Leczek, Weronika"]
[Black "Malinowska, Monika"]
[Result "1-0"]
[WhiteElo "1586"]
[BlackElo "1365"]
[PlyCount "125"]
[EventDate "2013.07.22"]
[EventType "team-tourn"]
[EventRounds "9"]
[EventCountry "POL"]
[SourceTitle "EXT 2014"]
[Source "ChessBase"]
[SourceDate "2013.11.20"]
[SourceVersion "1"]
[SourceVersionDate "2013.11.20"]
[SourceQuality "1"]
[WhiteTeam "Trzebinia UKS Hetman Koronny U19"]
[BlackTeam "Gorzow Wielkopolski Stilon U19"]
[WhiteTeamCountry "POL"]
[BlackTeamCountry "POL"]

1. e4 e5 2. Nf3 Nc6 3. Bb5 a6 4. Ba4 Nf6 5. 0-0 b5 6. Bb3 Be7 7. d4 d6 8. c3 0-0 9. h3 Bb7 10. Re1 Re8 11. Nbd2 Bf8 12. Bc2 g6 13. b3 Bg7 14. a3 Rc8 15. Nf1 Nb8 16. Ng3 Nbd7 17. Bg5 h6 18. Bd2 Kh7 19. h4 h5 20. Bg5 c5 21. d5 c4 22. b4 Ra8 23. a4 Nb6 24. Nd2 Qc7 25. f4 Nbd7 26. Nf3 Qb6+ 27. Kf1 Ng4 28. Qe2 exf4 29. Bxf4 Bxc3 30. a5 Qc7 31. Kg1 Bxa1 32. Rxa1 Ndf6 33. Qf1 Bc8 34. Kh1 Qa7 35. Re1 Nf2+ 36. Kg1 Nd3+ 37. Be3 Qc7 38. Bxd3 cxd3 39. Ng5+ Kg7 40. Bd4 Qd8 41. Qf4 d2 42. Rf1 Kg8 43. Bxf6 Qd7 44. Bc3 Qe7 45. Qxd2 Rf8 46. Qb2 f5 47. Qf2 fxe4 48. Qxf8+ Qxf8 49. Rxf8+ Kxf8 50. N3xe4 Bf5 51. Nxd6 Ke7 52. Be5 Rd8 53. Nxf5+ gxf5 54. d6+ Kd7 55. Bd4 Re8 56. Bc5 Re2 57. Kh2 Rc2 58. Kg3 Rc4 59. Kf3 Rxh4 60. g3 Rc4 61. Nh7 Kd8 62. Nf6 Rc3+ 63. Kf4 1-0

[Event "Krakow Malopolski-chB"]
[Site "Krakow"]
[Date "2013.05.02"]
[Round "5"]
[White "Pitynski, Pawel"]
[Black "Leczek, Weronika"]
[Result "1-0"]
[WhiteElo "1659"]
[BlackElo "1594"]
[PlyCount "34"]
[EventDate "2013.04.28"]
[EventType "swiss"]
[EventRounds "9"]
[EventCountry "POL"]
[SourceTitle "CBM 154 Extra"]
[Source "ChessBase"]
[SourceDate "2013.06.25"]
[SourceVersion "2"]
[SourceVersionDate "2013.06.25"]
[SourceQuality "1"]

1. e4 c5 2. f4 d6 3. Nf3 Nc6 4. c3 g6 5. d4 cxd4 6. cxd4 Bg7 7. Bc4 f5 8. e5 dxe5 9. fxe5 Qb6 10. Nc3 Na5 11. Bb5+ Bd7 12. Bxd7+ Kxd7 13. Ng5 Nh6 14. Qa4+ Kd8 15. Nd5 Qa6 16. Bd2 Qc6 17. Bxa5+ Ke8 1-0